[Event "Saarland-ch B 89th"]
[Site "Stennweiler"]
[Date "2014.04.15"]
[Round "5"]
[White "Lessmeister, Ian"]
[Black "Schattle, Heinz"]
[Result "1/2-1/2"]
[WhiteElo "1522"]
[BlackElo "1371"]
[PlyCount "123"]
[EventDate "2014.04.11"]
[EventType "swiss"]
[EventRounds "9"]
[EventCountry "GER"]
[SourceTitle "EXT 2016"]
[Source "ChessBase"]
[SourceDate "2015.10.08"]
[SourceVersion "1"]
[SourceVersionDate "2015.10.08"]
[SourceQuality "1"]

1. c4 e5 2. Nc3 Nf6 3. g3 Bb4 4. Bg2 Bxc3 5. bxc3 0-0 6. Rb1 c6 7. Nf3 d6 8. 0-0 Qa5 9. Qb3 Qc7 10. d3 h6 11. Qd1 Nbd7 12. d4 e4 13. Nd2 Re8 14. e3 c5 15. Qc2 cxd4 16. cxd4 d5 17. Rb2 dxc4 18. Qxc4 Qxc4 19. Nxc4 b6 20. Nd6 Re6 21. Nxc8 Rxc8 22. Bd2 Rec6 23. d5 Rc5 24. d6 a5 25. Rbb1 Rd5 26. Rbc1 Rxc1 27. Bxc1 Rxd6 28. Bb2 Rd2 29. Rb1 a4 30. Bxf6 gxf6 31. Bxe4 Rxa2 32. Bc6 Ne5 33. Bd5 Rd2 34. Be4 Nc4 35. Ra1 Nb2 36. Ra2 Nc4 37. Rxa4 b5 38. Rb4 Rb2 39. Rxb2 Nxb2 40. Kf1 Nc4 41. Ke1 Kf8 42. Kd1 Ke7 43. Kc2 Kd6 44. Kc3 Kc5 45. Bd3 b4+ 46. Kb3 Na5+ 47. Ka4 Nc6 48. Kb3 Ne5 49. Be2 f5 50. f4 Ng4 51. Bxg4 fxg4 52. e4 f6 53. e5 fxe5 54. f5 e4 55. f6 Kd6 56. f7 Ke7 57. f8Q+ Kxf8 58. Kxb4 Ke7 59. Kc4 Ke6 60. Kd4 e3 61. Kxe3 Ke5 62. Kd3 1/2-1/2